| 000 | 00792nas a2200253 4500 | ||
|---|---|---|---|
| 001 | BR0807853 | ||
| 003 | BR-BrBNA | ||
| 005 | 20231205112742.0 | ||
| 007 | ta | ||
| 008 | 230509b bl.|||p| |||| 00| 00por d | ||
| 040 |
_aBR-BrBNA _bpor _cBiblioteca Nacional de Agricultura |
||
| 041 | _a(Pt) | ||
| 072 | _aL73 | ||
| 100 | 1 | _aReche Júnior, A. | |
| 100 | 1 | _aHagiwara, M.K. | |
| 100 | 1 | _aMamizuka, E. | |
| 245 | 1 | _aEstudo clínico da doença do trato urinário inferior em gatos domésticos de São Paulo | |
| 650 | _aGATO | ||
| 650 | _aDOENÇA ANIMAL | ||
| 650 | _aURINA | ||
| 773 | 0 |
_tBrazilian Journal of Veterinary Research and Animal Science (Brazil) _xISSN 1413-9596 _g(1998), v. 35(1/6) p. 69-74 _wBR0807853 |
|
| 909 |
_a202311 _bLúcia _c55 _dLúcia Elande |
||
| 942 |
_2AGRIS _n0 _cANA |
||
| 999 |
_c199774 _d199774 |
||